Visualizzazione normale
Vista MARC
- Rosiewicz Andrzej
di Personal Name
Records bibliografici associati: 2
001 - CONTROL NUMBER
- control field: 19983
003 - CONTROL NUMBER IDENTIFIER
- control field: IT-RoPau
005 - DATE AND TIME OF LATEST TRANSACTION
- control field: 20140409222918.0
008 - FIXED-LENGTH DATA ELEMENTS
- fixed length control field: 140409|| aca||aabn | a|a d
040 ## - CATALOGING SOURCE
- Original cataloging agency: IT-RoPau
- Transcribing agency: IT-RoPau
100 ## - HEADING--PERSONAL NAME
- Personal name: Rosiewicz Andrzej
670 ## - SOURCE DATA FOUND
- Source citation: Work cat.: (IT-RoPau)102016: Rosiewicz Andrzej, Ufo